| 000 | 01040nam a2200265 i 4500 | ||
|---|---|---|---|
| 001 | 114853 | ||
| 003 | ES-MaACL | ||
| 005 | 20251003151558.0 | ||
| 008 | 070404s1920 sp f |||| |dspa d | ||
| 080 | _a75 Romero de Torres, Julio | ||
| 100 | 1 |
_aRomero de Torres, Julio. _999382 |
|
| 245 | 1 | 0 |
_aJulio Romero de Torres / _c[textos, Gregorio Martínez Sierra, Ramón del Valle Inclán, Jacinto Benavente, José Nogales y Manuel Abril]. |
| 260 |
_a[S.l. : _bs.n., _c1920?] ( _eMadrid : _fTip. Artística) |
||
| 300 |
_a28 p., 27 h. de lám. ; _c21 cm. |
||
| 490 | 1 |
_aMonografías de arte. _aEstrella |
|
| 600 | 1 | 4 |
_aRomero de Torres, Julio. _999382 |
| 700 | 1 |
_aMartínez Sierra, Gregorio, _d1881-1947 _978429 |
|
| 700 | 1 |
_aValle-Inclán, Ramón del, _d1866-1936 _9112796 |
|
| 700 | 1 |
_aBenavente, Jacinto, _d1866-1954 _927443 |
|
| 700 | 1 |
_aNogales, José, _d1860-1908 _985840 |
|
| 700 | 1 |
_aAbril, Manuel, _d1884-1943 _9165312 |
|
| 830 | 0 |
_aMonografías de arte. _aEstrella _9181422 |
|
| 852 |
_aES-MaACL _jF-5782 |
||
| 999 |
_c114853 _d114853 |
||